|
|
|
|
| LEADER |
00000cam a2200000 a 4500 |
| 001 |
vtls001451722 |
| 003 |
SK-MaSNL |
| 005 |
20260301073140.0 |
| 008 |
160318s2003 xo gf 0000f slo |
| 015 |
|
|
|a SNBK2003/02-01170
|
| 020 |
|
|
|a 8080474265
|
| 035 |
|
|
|a SNK000407029
|
| 040 |
|
|
|a SNK
|b slo
|c SNK
|e AACR2
|
| 041 |
1 |
|
|a slo
|h eng
|
| 044 |
|
|
|a xo
|c SK
|
| 072 |
|
7 |
|a 821.111(73)
|2 1997
|
| 080 |
|
|
|a (003.24)
|2 1997
|
| 080 |
|
|
|a 821.111 (73)-3(02.056.262)
|2 1997
|
| 100 |
1 |
|
|a Cook, Robin,
|d 1940-
|4 aut
|9 89343
|
| 245 |
1 |
0 |
|a Šok
|h Braillovo písmo
|n 1.-5. zv.
|c Robin Cook
|
| 260 |
|
|
|a Levoča
|b Slovenská knižnica pre nevidiacich Mateja Hrebendu
|c 2003
|
| 300 |
|
|
|a 5 zv. ([154, 148, 145,136, 172] s.) v Braillovom písme
|c 27x29 cm
|
| 655 |
|
7 |
|a americké romány
|2 SNKPH
|9 1174
|
| 655 |
|
7 |
|a trilery (romány)
|2 SNKPH
|9 151146
|
| 655 |
|
7 |
|a publikácie pre nevidiacich
|2 SNKPH
|9 70695
|
| 655 |
|
7 |
|a publikácie v Braillovom písme
|2 SNKPH
|9 222610
|
| 852 |
|
|
|a Slovenská národná knižnica
|
| 919 |
|
|
|a 80-8047-426-5
|
| 954 |
|
|
|a beletria cudzojazyčná (svetová)
|2 lita
|
| 958 |
|
|
|a KST
|
| 958 |
|
|
|a SX
|
| 958 |
|
|
|a LX
|
| 958 |
|
|
|a UP
|
| 958 |
|
|
|a US
|
| 958 |
|
|
|a NS
|
| 968 |
|
|
|b ENG
|d 821
|
| 999 |
|
|
|c 643258
|d 645188
|
| 952 |
|
|
|t P60, <03>, [BOOK], {603}
|a SNK
|b SNK
|y PREZ
|7 0
|p 17A0380171
|o snkOSB 13587/3
|i snkKSP 4644/2003
|0 0
|1 0
|4 0
|d 2003-04-03
|l 0
|r 2005-01-02 00:00:00
|w 2026-02-23
|
| 952 |
|
|
|t P60, <03>, [BOOK], {603}
|a SNK
|b SNK
|y PREZ
|7 0
|p 17A0380169
|o snkOSB 13587/1
|i snkKSP 4642/2003
|0 0
|1 0
|4 0
|d 2003-04-03
|l 0
|r 2005-01-02 00:00:00
|w 2026-02-23
|
| 952 |
|
|
|t P60, <03>, [BOOK], {603}
|a SNK
|b SNK
|y PREZ
|7 0
|p 17A0380170
|o snkOSB 13587/2
|i snkKSP 4643/2003
|0 0
|1 0
|4 0
|d 2003-04-03
|l 0
|r 2005-01-02 00:00:00
|w 2026-02-23
|
| 952 |
|
|
|t P60, <03>, [BOOK], {603}
|a SNK
|b SNK
|y PREZ
|7 0
|p 17A0380173
|o snkOSB 13587/4
|i snkKSP 4646/2003
|0 0
|1 0
|4 0
|d 2003-04-03
|l 0
|r 2005-01-02 00:00:00
|w 2026-02-23
|
| 952 |
|
|
|t P60, <03>, [BOOK], {603}
|a SNK
|b SNK
|y PREZ
|7 0
|p 17A0380172
|o snkOSB 13587/5
|i snkKSP 4645/2003
|0 0
|1 0
|4 0
|d 2003-04-03
|l 0
|r 2005-01-02 00:00:00
|w 2026-02-23
|